000
00266nam a2200121Ia 4500
008
190216s9999||||xx |||||||||||||| ||und||
100
_a
Dinesh Chawda
245
0
_a
Hindi- Hawa
260
_b
Brige Publication
_c
2008
300
_a
80
650
_a
Hindi
942
_c
BK
999
_c
16545
_d
16545